El Illimani en la Literatura / (Record no. 160)

000 -CABECERA
fixed length control field 00830nam a22002297a 4500
003 - IDENTIFICADOR DEL NÚMERO DE CONTROL
control field AR-CdUCM
008 - DATOS DE LONGITUD FIJA--INFORMACIÓN GENERAL
fixed length control field 190222b ||||| |||| 00| 0 spa d
040 ## - FUENTE DE LA CATALOGACIÓN
Agencia/entidad que catalogó originalmente la obra MUNICIPALIDAD PROVINCIAL DEL CUSCO
Entidad que transcribió la catalogación BIBLIOTECA MUNICIPAL DEL CUSCO
082 ## - NÚMERO DE LA CLASIFICACIÓN DECIMAL DEWEY
No. de Clasificación 860.1 /
Notacion interna S68
100 ## - ENTRADA PRINCIPAL--NOMBRE DE PERSONA
Nombre Personal Soriano Badani, Armando
245 ## - MENCIÓN DE TÍTULO
Título El Illimani en la Literatura /
260 ## - PUBLICACIÓN, DISTRIBUCIÓN, ETC.
Lugar de publicación, distribución, etc. Bolivia :
Nombre de la editorial, distribuidor, etc. Ediciones de la Casa Municipal de la Cultura ;
Fecha de publicación, distribución, etc. 1976.
300 ## - DESCRIPCIÓN FÍSICA
Nº de Páginas Extensión 115 paginas ;
Otros detalles físicos 9 Ilustraciones.
Dimensiones 23 cm,
505 ## - NOTA DE CONTENIDO CON FORMATO
Nota de contenido formateada Ante el Illimani -- La Paz: Una visión General y un Símbolo -- Illimani, Trino y Uno -- De la Paz a la Sorata -- De estampas Bolivianas ...
650 ## - PUNTO DE ACCESO ADICIONAL DE MATERIA--TÉRMINO DE MATERIA
Descriptor Illimani
9 (RLIN) 756
650 ## - PUNTO DE ACCESO ADICIONAL DE MATERIA--TÉRMINO DE MATERIA
Descriptor Paz
9 (RLIN) 757
650 ## - PUNTO DE ACCESO ADICIONAL DE MATERIA--TÉRMINO DE MATERIA
Descriptor Literatura
9 (RLIN) 83
650 ## - PUNTO DE ACCESO ADICIONAL DE MATERIA--TÉRMINO DE MATERIA
Descriptor Poesía
9 (RLIN) 139
650 ## - PUNTO DE ACCESO ADICIONAL DE MATERIA--TÉRMINO DE MATERIA
Descriptor Artistas
9 (RLIN) 394
942 ## - ELEMENTOS DE PUNTO DE ACCESO ADICIONAL (KOHA)
Fuente de clasificación
Tipo de item Libros-BMC
945 ## - PROCESAMIENTO DE INFORMACIÓN LOCAL (OCLC)
Catalogador rum
AAAA-MM-DD - Fecha de ingreso o modificacion 20129-02-22
Holdings
Estado de retiro (separado) Fuente de clasificación o esquema de estanterías Estado dañado Ubicación Sala donde se ubica Nombre de la colección Fecha de adquisición o compra Costo, precio normal en soles Signatura topográfica Código de Barras Última vez visto (Koha) Tipo de ítem (Koha) Información codificada de la localización en otra ubicación
No     Sala Humanidades Sala Humanidades Book Cart 2019-02-22 13.00 860.1 / S68 SH0000000070 2019-02-22 Libros-BMC  
No     Sala Humanidades Sala Humanidades Book Cart 2019-03-13 20.00 860.1 / S68 / e.2 SH0000006762 2019-03-13 Libros-BMC 20.00

Powered by Koha